000 00859cad a22002055a 4500
001 E150456
008 100715e20100607xxk 000 0 eng d
035 _a(Sirsi) u150456
041 0 _aeng
110 2 _aNational Federation of Builders
_94086
245 0 0 _aNFB welcomes OFT findings on competition awareness in construction sector
_h[electronic resource]
260 _c2010
490 _aNFB Press Release
_v7 June 2010
520 _aWelcomes the OFT's assessment of recent competition enforcement activities in the construction sector, which suggests there has been a significant improvement.
590 _aKA
651 4 _aUnited Kingdom
_y
690 _aBUILT ENVIRONMENT
856 4 0 _uhttps://www.builders.org.uk/resources/nfb/000/290/001/OFT_Press_Release_June_2010.pdf
_zView the press release free of charge at www.builders.org.uk
942 _n0
999 _c82517
_d82517